| 000 -ლიდერი |
| ფიქსირებული სიგრძის საკონტროლო ველი |
01560nam a22002657a 4500 |
| 003 - საკონტროლო ნომრის იდენტიფიკატორი |
| საკონტროლო ველი |
Ge_BSU |
| 005 - ბოლო ოპერაციის თარიღი და დრო |
| საკონტროლო ველი |
20200130151259.0 |
| 008 - ფიქსირებული სიგრძის მონაცემთა ელემენტები - ზოგადი ინფორმაცია |
| ფიქსირებული სიგრძის საკონტროლო ველი |
200130s2017 ||||| |||| 00| 0 geo d |
| 020 ## - წიგნის საერთაშორისო სტანდარტული ნომერი |
| International Standard Book Number |
9789941260308 |
| 041 ## - ენის კოდი |
| Language code of text/sound track or separate title |
geo |
| 080 ## - უნივერსალური ათობითი კლასიფიკაციის ინდექსი |
| Universal Decimal Classification number |
629..065.25(075.8) ს-31 |
| 245 ## - ცნობა სათაურის შესახებ |
| Title |
სატაკელაჟო მოწყობილობები, ტვირთამწე მანქანები, კონვეიერები : |
| Remainder of title |
(დამხმ. სახელმძღვანელო) / |
| Statement of responsibility, etc |
ვლადიმერ ჩხაიძე ; ციური ყურშუბაძე ; მაყვალა ბექირიშვილი ; გიორგი წულაძე ; რედ. გელა ყიფიანი. |
| 264 ## - წარმოების, გამოცემის, დისტრიბუციის და სხვა ცნობები |
| გამოცემის, წარმოების, დისტრიბუციის... ადგილი |
თბილისი : |
| გამოცემის, წარმოების, დისტრიბუციის... სახელწოდება |
უნივერსალი, |
| გამოცემის, წარმოების, დისტრიბუციის... თარიღი |
2017. |
| 300 ## - ფიზიკური აღწერა |
| Extent |
102 გვ. : |
| Other physical details |
ნახ. ; |
| Dimensions |
29 სმ. |
| 500 ## - ზოგადი შენიშვნა |
| General note |
კანზე ბათუმი |
| 504 ## - BIBLIOGRAPHY, ETC. NOTE |
| Bibliography, etc |
ბიბლიოგრ.: გვ. 100 |
| 653 ## - INDEX TERM--UNCONTROLLED |
| Uncontrolled term |
სატაკელაჟო მანქანები |
| 653 ## - INDEX TERM--UNCONTROLLED |
| Uncontrolled term |
სატრანსპორტო საშუალებათა ტექნიკა |
| 700 ## - ADDED ENTRY--PERSONAL NAME |
| Personal name |
ჩხაიძე, ვლადიმერ |
| 9 (RLIN) |
6525 |
| 700 ## - ADDED ENTRY--PERSONAL NAME |
| Personal name |
ყურშუბაძე, ციური |
| 9 (RLIN) |
6526 |
| 700 ## - ADDED ENTRY--PERSONAL NAME |
| Personal name |
ბექირიშვილი, მაყვალა |
| 9 (RLIN) |
6527 |
| 700 ## - ADDED ENTRY--PERSONAL NAME |
| Personal name |
წულაძე, გიორგი |
| 9 (RLIN) |
4394 |
| 700 ## - ADDED ENTRY--PERSONAL NAME |
| Personal name |
ყიფიანი, გელა |
| Relator term |
რედაქტორი |
| 9 (RLIN) |
6528 |
| 942 ## - ADDED ENTRY ELEMENTS (KOHA) |
| Source of classification or shelving scheme |
|
| Koha item type |
წიგნი |